| 000 | 00401nam a2200169Ia 4500 | ||
|---|---|---|---|
| 008 | 260520s2025 xx 000 0 und d | ||
| 020 | _a978-93-5024-669-5 | ||
| 041 | _aeng | ||
| 082 | _a574.8/POW | ||
| 100 | _aPowar, C B | ||
| 245 | _aCell Biology | ||
| 250 | _a3rd ed | ||
| 260 |
_aMUMBAI _bHimalaya Pub House _c2025 |
||
| 300 | _a782p. | ||
| 500 | _aCat No: 14963 | ||
| 650 | _aLIFE SICENCE | ||
| 999 |
_c1221769 _d1221769 |
||